000
00213nam a22000857a 4500
008
160629b xxu||||| |||| 00| 0 eng d
100
_9
1376
_a
Dalal, T
245
_a
Mexican Cooking
260
_a
Bombay
_b
Sanjay & Co
_c
1998
999
_c
1136
_d
1136